000 00512nam a2200181Ia 4500
003 GCL
008 140319s9999 xx 000 0 ara d
040 _aGCL /
_cGCL
082 0 4 _a398.2
_bب م
100 1 _aجرجس نسيم ناصيف
245 1 0 _aالملحمة الجلجامشية : هو الذى راى /
_cجرجس نسيم ناصيف
700 1 _aاثينى، سن ليكى
300 _a159 ص
490 _a
650 0 4 _aالشعر العربى
650 0 4 _aالملاحم
942 _2ddc
_cBK
999 _c47859
_d47859